[Event "ROM-ch op"]
[Site "Sarata Monteoru"]
[Date "2011.02.14"]
[Round "3"]
[White "Dan, Aurelian"]
[Black "Stegariu, Vlad Ionut"]
[Result "0-1"]
[WhiteElo "1971"]
[BlackElo "2195"]
[PlyCount "82"]
[EventDate "2011.02.12"]
[EventType "swiss"]
[EventRounds "11"]
[EventCountry "ROU"]
[SourceTitle "CBM 140 Extra"]
[Source "ChessBase"]
[SourceDate "2011.03.01"]
[SourceVersion "1"]
[SourceVersionDate "2011.03.01"]
[SourceQuality "1"]

1. e4 c5 2. Nf3 e6 3. c3 Nc6 4. e5 d6 5. exd6 Bxd6 6. d4 cxd4 7. Nxd4 a6 8. Nxc6 bxc6 9. Nd2 Qc7 10. Nc4 Bc5 11. b4 Be7 12. Be3 Bb7 13. Na5 Nf6 14. Nxb7 Qxb7 15. Be2 0-0 16. 0-0 a5 17. a3 Qc7 18. Bf3 Nd5 19. Bd2 Bf6 20. Rc1 axb4 21. axb4 Rfd8 22. Qc2 Qb6 23. Rb1 Ra3 24. Rb3 Qa6 25. Rfb1 Rxb3 26. Rxb3 Qc4 27. g3 Ra8 28. Bxd5 exd5 29. Rb1 d4 30. Qe4 Qa2 31. Re1 h6 32. Qxc6 Ra6 33. Qe8+ Kh7 34. Qe4+ g6 35. Qd3 dxc3 36. Bxc3 Ra3 37. Rc1 Rxc3 38. Rxc3 Qa1+ 39. Kg2 Qxc3 40. Qd5 Kg7 41. b5 Bd4 0-1

[Event "ROM-chT U14"]
[Site "Mangalia"]
[Date "2007.08.28"]
[Round "5"]
[White "Nanu, Florentin Gabriel"]
[Black "Dan, Aurelian"]
[Result "0-1"]
[WhiteElo "1847"]
[BlackElo "1721"]
[PlyCount "87"]
[EventDate "2007.08.26"]
[EventType "team-swiss"]
[EventRounds "7"]
[EventCountry "ROU"]
[SourceTitle "EXT 2010"]
[Source "ChessBase"]
[SourceDate "2010.11.25"]
[SourceVersion "1"]
[SourceVersionDate "2010.11.25"]
[SourceQuality "1"]

1. e4 Nf6 2. e5 Nd5 3. c4 Nb6 4. d4 d6 5. exd6 cxd6 6. Nc3 g6 7. Be3 Bg7 8. Be2 0-0 9. Rc1 Nc6 10. h3 Bd7 11. Nf3 e5 12. 0-0 Nc8 13. d5 N6e7 14. Nh2 f5 15. f4 Nb6 16. b4 Rc8 17. Qb3 Be8 18. Kh1 Bf7 19. a4 a6 20. a5 Na8 21. Nf3 Nc7 22. Ng5 Ne8 23. Nxf7 Rxf7 24. Na4 Nf6 25. Nb6 Rc7 26. fxe5 Ne4 27. Rf3 Bxe5 28. Bf4 Bxf4 29. Rxf4 Nc8 30. Na4 Qg5 31. Rf3 Qxc1+ 32. Rf1 Qg5 33. Kg1 Nd2 34. Qc3 Nxf1 35. Bxf1 Rfe7 36. c5 dxc5 37. bxc5 Qe3+ 38. Qxe3 Rxe3 39. c6 bxc6 40. dxc6 Re1 41. Kf2 Rxf1+ 42. Kxf1 Na7 43. Nc5 Nxc6 44. Nxa6 0-1

[Event "ROM-ch U14"]
[Site "Amara"]
[Date "2007.04.16"]
[Round "6"]
[White "Dan, Aurelian"]
[Black "Miu, Paul Vlad"]
[Result "1/2-1/2"]
[WhiteElo "1709"]
[BlackElo "1967"]
[PlyCount "54"]
[EventDate "2007.04.12"]
[EventType "swiss"]
[EventRounds "9"]
[EventCountry "ROU"]
[SourceTitle "EXT 2010"]
[Source "ChessBase"]
[SourceDate "2010.11.25"]
[SourceVersion "1"]
[SourceVersionDate "2010.11.25"]
[SourceQuality "1"]

1. e4 e5 2. Nf3 d6 3. d4 Nf6 4. Nc3 exd4 5. Nxd4 Be7 6. Bc4 0-0 7. 0-0 c6 8. Re1 b5 9. Bd3 b4 10. Nce2 c5 11. Nf3 Be6 12. c4 Nc6 13. Nf4 Qd7 14. b3 Ng4 15. Bb2 Nge5 16. Nxe5 Nxe5 17. Bxe5 dxe5 18. Nxe6 Qxe6 19. Be2 Rad8 20. Qc2 Rd4 21. Red1 Rfd8 22. Rxd4 Rxd4 23. Rd1 Qd7 24. Kf1 g6 25. Rxd4 Qxd4 26. Bd3 Bg5 27. g3 h5 1/2-1/2